书目信息 |
| 题名: |
现代欧美文学
|
|
| 作者: | 孙凤城 编 | |
| 分册: | ||
| 出版信息: | 北京 北京师范大学出版社 1981 |
|
| 页数: | 166页 | |
| 开本: | 19cm | |
| 丛书名: | ||
| 单 册: | ||
| 中图分类: | I109.5 | |
| 科图分类: | ||
| 主题词: | 文学--世界 | |
| 电子资源: | ||
| ISBN: | ||
| 000 | 00632nam0 2200241 45 | |
| 001 | 0181006042 | |
| 005 | 20040425134346.7 | |
| 010 | @dCNY0.56 | |
| 091 | @a10243.5 | |
| 100 | @a19950404d1981 em y0chiy0121 ea | |
| 101 | 0 | @achi |
| 102 | @aCN@b110000 | |
| 105 | @ay z 000zy | |
| 106 | @ar | |
| 200 | 10 | @a现代欧美文学@Axian dai ou mei wen xue@f孙凤城等编 |
| 210 | @a北京@c北京师范大学出版社@d1981 | |
| 215 | @a166页@d19cm | |
| 606 | 0 | @a文学@x世界 |
| 690 | @aI109.5@v3 | |
| 701 | 0 | @a孙凤城@Asun feng cheng@4编 |
| 801 | 0 | @aCN@b上海图书馆@c20040301 |
| 801 | 2 | @aCN@bNLC@c20040301 |
| 905 | @dI109.5@e3@f1@b71600@b71610@f1 | |
| 现代欧美文学/孙凤城等编.-北京:北京师范大学出版社,1981 |
| 166页;19cm |
| ISBN :CNY0.56 |
| ● |
| 相关链接 |
|
|
|
|
正题名:现代欧美文学
索取号:I109.5/3
 
预约/预借
| 序号 | 登录号 | 条形码 | 馆藏地/架位号 | 状态 | 备注 |
| 1 | 0071593 | 001889610 | 密集书库/ [索取号:I109.5/3] | 在馆 | |
| 2 | 0071594 | 001889656 | 密集书库/ [索取号:I109.5/3] | 在馆 | |
| 3 | 0071595 | 001889692 | 密集书库/ [索取号:I109.5/3] | 在馆 | |
| 4 | 0071596 | 001889736 | 密集书库/ [索取号:I109.5/3] | 在馆 | |
| 5 | 0071597 | 001889772 | 密集书库/ [索取号:I109.5/3] | 在馆 | |
| 6 | 0071598 | 001888791 | 密集书库/ [索取号:I109.5/3] | 在馆 | |
| 7 | 0071599 | 001888835 | 密集书库/ [索取号:I109.5/3] | 在馆 | |
| 8 | 0071600 | 001465266 | 第二借阅区/ [索取号:I109.5/3] | 在馆 | |
| 9 | 0071602 | 001889371 | 密集书库/ [索取号:I109.5/3] | 在馆 | |
| 10 | 0071603 | 001889406 | 密集书库/ [索取号:I109.5/3] | 在馆 | |
| 11 | 0071604 | 001889415 | 密集书库/ [索取号:I109.5/3] | 在馆 | |
| 12 | 0071605 | 001889451 | 密集书库/ [索取号:I109.5/3] | 在馆 | |
| 13 | 0071606 | 001889442 | 密集书库/ [索取号:I109.5/3] | 在馆 | |
| 14 | 0071607 | 001889497 | 密集书库/ [索取号:I109.5/3] | 在馆 | |
| 15 | 0071608 | 001889530 | 密集书库/ [索取号:I109.5/3] | 在馆 | |
| 16 | 0071609 | 001889576 | 密集书库/ [索取号:I109.5/3] | 在馆 | |
| 17 | 0071610 | 000218133 | 第一样本阅览室/ [索取号:I109.5/3] | 在馆 | |
| 18 | 0071611 | 001889326 | 密集书库/ [索取号:I109.5/3] | 在馆 | |
| 19 | 0071612 | 001889362 | 密集书库/ [索取号:I109.5/3] | 在馆 |